edvin ryding - Statistics

General Stats
  • This quiz has been taken 31 times
  • The average score is 9 of 15
Answer Stats
question answer % Correct
in what year did edvin graduate highschool 2022
100%
who is edvins costar in young royals omar rudberg
100%
in which city does edvin live stockholm
100%
who does edvin play in young royals wilhelm
100%
does edvin read fanfictions yes
94%
where is edvin from sweden
75%
what is edvins dogs name otis
69%
what is edvins favorite show sex-education
69%
what did edvin name his wilhelm s2 playlist W2
44%
what is edvins best friends name wilma liden
38%
what was edvins most listened to album of 2021 sour - olivia rodrigo
25%
when is edvins birthday februari 4th
19%
what did edvin call his fans honey bunnies
19%
finish the sentence: what would be wilhelms favoritenetflix show? (what did edvin answer) the crown
19%
what did edvin say about fooo rests in o-peace
6%
No matching quizzes found
Score Distribution
Percent of People with Each Score
Percentile by Number Answered
Your Score History
You have not taken this quiz